| 000 | 00457nam a22001577a 4500 | ||
|---|---|---|---|
| 999 |
_c524938 _d524938 |
||
| 003 | NUST | ||
| 038 | _aMr. Zahoor | ||
| 082 | _a621.3 | ||
| 100 |
_aIbrahim Khalil _915740 |
||
| 245 |
_aTURBO-CODED HARQ BASED MUTLI-HOP COOPERATIVE WIRELESS SYSTEM / _cIbrahim Khalil |
||
| 260 |
_aIslamabad : _bMCS - NUST, _c2012. |
||
| 300 |
_axi, 80 p. : ill. ; _c30 cm. |
||
| 500 | _aHardcover. | ||
| 600 |
_aElectrical Engineering - MS Thesis _915630 |
||
| 942 |
_2ddc _cTHE |
||